[Event "CZE-ch Amateur"]
[Site "Hluk"]
[Date "2023.05.09"]
[Round "6"]
[White "Beinhauer, Bernard"]
[Black "Skovron, Josef"]
[Result "0-1"]
[WhiteElo "1695"]
[BlackElo "1860"]
[PlyCount "118"]
[EventDate "2023.05.06"]
[EventType "swiss"]
[EventRounds "9"]
[EventCountry "CZE"]
[SourceTitle "CBM 214 Extra"]
[Source "ChessBase"]
[SourceDate "2023.07.31"]
[SourceVersion "1"]
[SourceVersionDate "2023.07.31"]
[SourceQuality "1"]

1. Nf3 Nf6 2. g3 b6 3. Bg2 Bb7 4. 0-0 g6 5. c4 Bg7 6. d4 d6 7. Nc3 Nbd7 8. b3 c5 9. Bb2 cxd4 10. Nxd4 Bxg2 11. Kxg2 h5 12. Rc1 h4 13. Qd2 Qc8 14. f3 Ne5 15. Rh1 h3+ 16. Kf2 Bh6 17. e3 Qb7 18. Rhg1 Nfg4+ 19. fxg4 Nxg4+ 20. Ke2 Bxe3 21. Qxe3 Nxe3 22. Kxe3 Rh5 23. Nd5 Kf8 24. Rcf1 Re5+ 25. Kd3 Rxd5 26. cxd5 Qxd5 27. Ke2 e5 28. Nc2 Rc8 29. Ne3 Qb5+ 30. Kf3 f5 31. Rc1 Rc5 32. Ba3 Qc6+ 33. Kf2 Rxc1 34. Rxc1 Qe4 35. Bxd6+ Ke8 36. Re1 Kf7 37. Ke2 Qd4 38. Rd1 Qe4 39. Bxe5 Qxe5 40. Rd2 g5 41. Rd5 Qb2+ 42. Rd2 Qb1 43. Nf1 Qe4+ 44. Kf2 f4 45. gxf4 gxf4 46. Re2 Qg2+ 47. Ke1 Qc6 48. Kf2 Kg6 49. Nd2 Qg2+ 50. Ke1 Qg1+ 51. Nf1 Kf5 52. Re8 f3 53. Rf8+ Ke4 54. Re8+ Kd3 55. Rd8+ Kc3 56. Rf8 Qg2 57. Re8 Kb2 58. Re7 a5 59. Re3 Kxa2 0-1

[Event "CZE-ch Amateur"]
[Site "Hluk"]
[Date "2023.05.08"]
[Round "4"]
[White "Kasperek, Ryszard"]
[Black "Skovron, Josef"]
[Result "1-0"]
[WhiteElo "2065"]
[BlackElo "1860"]
[PlyCount "67"]
[EventDate "2023.05.06"]
[EventType "swiss"]
[EventRounds "9"]
[EventCountry "CZE"]
[SourceTitle "CBM 214 Extra"]
[Source "ChessBase"]
[SourceDate "2023.07.31"]
[SourceVersion "1"]
[SourceVersionDate "2023.07.31"]
[SourceQuality "1"]

1. e4 c5 2. Nf3 Nc6 3. Bb5 g6 4. 0-0 Bg7 5. c3 Nf6 6. Re1 0-0 7. d4 cxd4 8. cxd4 a6 9. Ba4 b5 10. Bb3 d5 11. e5 Ne8 12. h3 Nc7 13. Nc3 h6 14. Be3 e6 15. Qc1 Kh7 16. Nxb5 Nxb5 17. Qxc6 Bd7 18. Qc2 f5 19. exf6 Rxf6 20. Ne5 Be8 21. Rac1 Rf5 22. a4 Nd6 23. Qc7 Qxc7 24. Rxc7 Rb8 25. Bc2 Rxb2 26. Bxf5 Nxf5 27. Nd3 Ra2 28. Nc5 Bxa4 29. Nxe6 Kg8 30. g4 Nxe3 31. Rxg7+ Kh8 32. Rxe3 Bc2 33. Rf3 Ra1+ 34. Kh2 1-0

[Event "Moravia-Silesia Region-chT 0708"]
[Site "Czech Republic"]
[Date "2008.02.24"]
[Round "8.1"]
[White "Skovron, Josef"]
[Black "Didi, Jan"]
[Result "0-1"]
[WhiteElo "1854"]
[BlackElo "2106"]
[PlyCount "58"]
[EventDate "2007.10.28"]
[EventType "team-tourn"]
[EventRounds "11"]
[EventCountry "CZE"]
[SourceTitle "EXT 2024"]
[Source "ChessBase"]
[SourceDate "2023.10.10"]
[SourceVersion "1"]
[SourceVersionDate "2023.10.10"]
[SourceQuality "1"]

1. e4 c5 2. Nf3 d6 3. d4 cxd4 4. Nxd4 Nf6 5. Nc3 e6 6. Bg5 Be7 7. Be2 a6 8. Qd2 0-0 9. 0-0 Qc7 10. Rad1 b5 11. a3 Bb7 12. Bd3 Nbd7 13. Rfe1 Rac8 14. Re3 Ne5 15. Rh3 Nxd3 16. Qxd3 Rfd8 17. Nf3 h6 18. Bc1 d5 19. e5 Ne4 20. Bxh6 gxh6 21. Rxh6 Kg7 22. Qe3 Rh8 23. Rxh8 Rxh8 24. Nxe4 dxe4 25. Ng5 Qxe5 26. Nh3 Bd6 27. Kf1 Rh5 28. Qb6 Bd5 29. Qd8 Qxh2 0-1

[Event "Moravia-Silesia Region-chT 0708"]
[Site "Czech Republic"]
[Date "2008.01.06"]
[Round "5.1"]
[White "Weissmann, Lukas"]
[Black "Skovron, Josef"]
[Result "1/2-1/2"]
[WhiteElo "2162"]
[BlackElo "1769"]
[PlyCount "28"]
[EventDate "2007.10.28"]
[EventType "team-tourn"]
[EventRounds "11"]
[EventCountry "CZE"]
[SourceTitle "EXT 2024"]
[Source "ChessBase"]
[SourceDate "2023.10.10"]
[SourceVersion "1"]
[SourceVersionDate "2023.10.10"]
[SourceQuality "1"]

1. e4 c5 2. Nf3 Nc6 3. Nc3 Nf6 4. Bb5 d6 5. b3 Bd7 6. 0-0 g6 7. Re1 Bg7 8. d3 0-0 9. Bf4 Re8 10. e5 dxe5 11. Nxe5 Nxe5 12. Bxe5 Rc8 13. a4 a6 14. Bc4 Bc6 1/2-1/2

[Event "Znojmo op1"]
[Site "Znojmo"]
[Date "2007.??.??"]
[Round "8"]
[White "Skovron, Josef"]
[Black "Stanek, Karel"]
[Result "0-1"]
[WhiteElo "1760"]
[BlackElo "1625"]
[PlyCount "98"]
[EventDate "2007.01.??"]
[EventType "swiss"]
[EventRounds "9"]
[EventCountry "CZE"]
[SourceTitle "EXT 2010"]
[Source "ChessBase"]
[SourceDate "2010.11.25"]
[SourceVersion "1"]
[SourceVersionDate "2010.11.25"]
[SourceQuality "1"]

1. e4 e6 2. d4 d5 3. Nd2 c5 4. exd5 Qxd5 5. dxc5 Bxc5 6. Qg4 Qe5+ 7. Be2 Ne7 8. Ngf3 Qf6 9. Ne4 Qf5 10. Qxf5 Bb4+ 11. c3 exf5 12. Ned2 Bc5 13. Nb3 Bb6 14. Nfd4 0-0 15. 0-0 Nbc6 16. Nxc6 Nxc6 17. Bf4 Be6 18. Bf3 Rac8 19. Rad1 h6 20. Rfe1 g5 21. Be3 Bxe3 22. Rxe3 Rfd8 23. Ree1 g4 24. Be2 Kg7 25. Rxd8 Rxd8 26. Rd1 Rxd1+ 27. Bxd1 b6 28. Kf1 Kf6 29. Nc1 Ne5 30. b3 h5 31. Ke1 h4 32. Kd2 Bd5 33. g3 hxg3 34. hxg3 Nf3+ 35. Ke3 Kg5 36. Nd3 f6 37. c4 Bb7 38. Nf4 Ng1 39. Nd5 Nh3 40. b4 Kg6 41. Nf4+ Kf7 42. f3 Bc8 43. Nxh3 gxh3 44. f4 Bb7 45. Bf3 Be4 46. c5 bxc5 47. bxc5 h2 48. c6 Bxf3 49. c7 Bb7 0-1